Cruz Cafuné, Recycled J o Israel B - Estadísticas

Estadísticas generales
  • Esta prueba ha sido intentada 26 veces
  • La puntuación promedio es 7 de 15
Estadísticas de respuestas
Pregunta Respuesta % Correcto
Folelé Cruz Cafuné
95%
TLC Cruz Cafuné
71%
Forbes Cruz Cafuné
57%
Ahá Cruz Cafuné y Recycled J
57%
Winnie the plug Israel B
48%
Ciego por el club Los tres
48%
Shorty Ninguno
48%
Ganas Recycled J
48%
La leyenda II Recycled J
48%
Demonios Recycled J e Israel B
43%
Pide más Israel B
38%
Sangre fría Cruz Cafuné y Recycled J
29%
2 tazas Recycled J
29%
La Para Cruz Cafuné e Israel B
24%
Mal de amores Israel B
24%
No se encontraron pruebas coincidentes
Distribución de puntuación
Porcentaje de gente con cada puntuación
Porcentaje por número respondido
Historial de tus puntuaciones
No has intentado esta prueba.